000
00263nam a22001097a 4500
003
OSt
008
241219b |||||||| |||| 00| 0 eng d
041
_a
eng
245
_a
Praadhamika Krishi Thathwangal
260
_a
Trivandrum:
_b
Kerala Bhasha Institute
942
_c
BK
999
_c
18702
_d
18702